Speaking for Ielts: Collins English for exams
v.v...
Đã lưu trong:
| Tác giả chính: | |
|---|---|
| Định dạng: | Sách |
| Năm xuất bản: |
TP.Hồ Chí Minh:
Tổng hợp TP.Hồ Chí Minh,
2012
|
| Chủ đề: | |
| Tags: |
Thêm thẻ
Không có thẻ, Hãy là người đầu tiên gắn thẻ bản ghi này!
|
| LEADER | 00865nam a2200169 4500 | ||
|---|---|---|---|
| 082 | |a 428.3 |b K100R | ||
| 100 | |a Karen Kovacs | ||
| 245 | |a Speaking for Ielts: |b Collins English for exams |c Karen Kovacs | ||
| 260 | |a TP.Hồ Chí Minh: |b Tổng hợp TP.Hồ Chí Minh, |c 2012 | ||
| 300 | |a 144tr.; |c 25cm. |b +CD | ||
| 520 | |a v.v... | ||
| 653 | |a Tiếng Anh-Cách nói | ||
| 942 | |2 ddc |c STK0 | ||
| 999 | |c 12831 |d 12831 | ||
| 952 | |0 0 |1 0 |2 ddc |4 0 |6 428_300000000000000_K100R |7 0 |8 400 |9 106080 |a qbu |b qbu |c D4 |d 2016-04-05 |g 144000 |o 428.3 K100R |p 11845.c1 |r 0000-00-00 |w 2016-04-05 |y STK0 | ||
| 952 | |0 0 |1 0 |2 ddc |4 0 |6 428_300000000000000_K100R |7 0 |8 400 |9 106081 |a qbu |b qbu |c D4 |d 2016-04-05 |g 144000 |o 428.3 K100R |p 11845.c2 |r 0000-00-00 |w 2016-04-05 |y STK0 | ||
| 952 | |0 0 |1 0 |2 ddc |4 0 |6 428_300000000000000_K100R |7 0 |8 400 |9 106082 |a qbu |b qbu |c D4 |d 2016-04-05 |g 144000 |o 428.3 K100R |p 11845.c3 |r 0000-00-00 |w 2016-04-05 |y STK0 | ||